=LDR 00000nam 2200000 4500 =001 INLIS000000000012120 =005 20130612103648 =008 ***********************************Ind** =035 ##$$0010-061300000012120 =041 ##$$a Ind =082 ##$$a 574.21 =090 ##$$a 574.21, Eff p =100 ##$$a Effendi, Hasin =245 ##$$a Fisikologi Pernapasan dan pathofi siologynya, Hasim Efendi, yasmeiny yazir =260 ##$$a 1980 $b Bandung =300 ##$$a xii,128 hlm, Ilus, 21cm =650 ##$$a Pernapasan =700 ##$$a Yazir, yasmeiny =850 ##$$a NBPNMAT